Ça Va Venir Découragez-Vous Pas Lyrics (Paroles) - Statistics

General Stats
  • This quiz has been taken 2 times
  • The average score is 136 of 325
Answer Stats
Answer % Correct
à
100%
a
100%
À
100%
Ça
100%
ça
100%
cœur
100%
De
100%
de
100%
est
100%
je
100%
Je
100%
le
100%
Le
100%
les
100%
Les
100%
m'a
100%
Ma
100%
M'a
100%
Que
100%
que
100%
va
100%
v'nir
100%
vous
100%
Vous
100%
amis,
50%
assure,
50%
bien
50%
continue
50%
des
50%
dur,
50%
Il
50%
j'ai
50%
J'ai
50%
la
50%
La
50%
mais
50%
Mais
50%
me
50%
Me
50%
Mes
50%
mes
50%
Moi,
50%
On
50%
on
50%
pas
50%
pas.
50%
qui
50%
se
50%
sont
50%
temps
50%
toujours
50%
turluter.
50%
amanché.
0%
amanchée,
0%
Après
0%
Au
0%
au
0%
avoir,
0%
avoir.
0%
bas
0%
ben
0%
besoin
0%
biscuits.
0%
boîte
0%
bout
0%
brûlée,
0%
Canada,
0%
cassées.
0%
certains
0%
C'est
0%
cet
0%
charbon
0%
cher
0%
cinq
0%
commencer.
0%
coûte
0%
crédit.
0%
crever
0%
c'temps-ici,
0%
d'aller
0%
Dans
0%
dans
0%
décourageons-nous
0%
décousue.
0%
dessus
0%
d'faim.
0%
disconnectée,
0%
d'l'escalier.
0%
d'manger,
0%
donner
0%
doublure
0%
d'ouvrage
0%
d'pas
0%
d'travers,
0%
eau
0%
en
0%
Essayez
0%
Et
0%
États.
0%
êtes
0%
faire
0%
faut
0%
fondu,
0%
force
0%
fort
0%
gai
0%
gouvernement.
0%
grocerie,
0%
hiver,
0%
j'peux
0%
l'air.
0%
l'estomac
0%
l'extra,
0%
loin,
0%
L'ont
0%
loué,
0%
l'ouvrage,
0%
lumière
0%
m'achaler,
0%
mal.
0%
mal
0%
mange
0%
mari
0%
mieux
0%
moins
0%
Mon
0%
mon
0%
monde,
0%
monte
0%
Montréal,
0%
n'est
0%
notre
0%
nourrir
0%
nouveau
0%
orteils
0%
pain
0%
passent
0%
payée.
0%
pis
0%
Pis
0%
plaint
0%
plus
0%
Pour
0%
priver
0%
propriétaire
0%
province
0%
p'tit
0%
puis
0%
qu'ça
0%
Québec,
0%
ratatiné.
0%
r'trousse
0%
saprer
0%
s'décourager,
0%
sec.
0%
souliers,
0%
sur
0%
talons
0%
tape
0%
tout
0%
tout,
0%
toute
0%
travaille
0%
travers,
0%
trous
0%
vite
0%
vitres
0%
voilà
0%
y
0%
Y
0%
No matching quizzes found
Score Distribution
Percent of People with Each Score
Percentile by Number Answered
Your Score History
You have not taken this quiz